| 000 -LEADER | |
|---|---|
| fixed length control field | 00373nam a22001577a 4500 |
| 005 - DATE AND TIME OF LATEST TRANSACTION | |
| control field | 20230130155152.0 |
| 008 - FIXED-LENGTH DATA ELEMENTS--GENERAL INFORMATION | |
| fixed length control field | 221217b |||||||| |||| 00| 0 eng d |
| 041 ## - LANGUAGE CODE | |
| Language code of text/sound track or separate title | eng |
| 082 ## - DEWEY DECIMAL CLASSIFICATION NUMBER | |
| Classification number | 340 BAR-I |
| 100 ## - MAIN ENTRY--AUTHOR NAME | |
| Personal name | BARE ACT |
| 245 ## - TITLE STATEMENT | |
| Title | THE INDIAN PANAL CODE |
| 260 ## - PUBLICATION, DISTRIBUTION, ETC. (IMPRINT) | |
| Place of publication | DELHI |
| Name of publisher | PROFESSIONAL BOOK PUBLISHERS |
| 300 ## - PHYSICAL DESCRIPTION | |
| Number of Pages | 216;P. |
| 650 ## - SUBJECT ADDED ENTRY--TOPICAL TERM | |
| Topical Term | LAW |
| 942 ## - ADDED ENTRY ELEMENTS (KOHA) | |
| Koha item type | Books |
| Lost status | Damaged status | Collection code | Home library | Current library | Shelving location | Date acquired | Source of acquisition | Cost, normal purchase price | Full call number | Accession Number | Koha item type |
|---|---|---|---|---|---|---|---|---|---|---|---|
| Reference | JRU Library | JRU Library | SHELF- 66 C | 21/10/2022 | LOHIA BOOK INTERNATIONAL | 220.00 | 340 | 27026 | Books | ||
| LAW | JRU Library | JRU Library | SHELF-31-D | 23/01/2023 | LOHIA BOOK INTERNATIONAL | 220.00 | 340 BAR-I | 27506 | Books | ||
| LAW | JRU Library | JRU Library | SHELF-31-D | 23/01/2023 | LOHIA BOOK INTERNATIONAL | 220.00 | 340 BAR-I | 27507 | Books | ||
| LAW | JRU Library | JRU Library | SHELF-31-D | 23/01/2023 | LOHIA BOOK INTERNATIONAL | 220.00 | 340 BAR-I | 27508 | Books | ||
| LAW | JRU Library | JRU Library | SHELF-31-D | 23/01/2023 | LOHIA BOOK INTERNATIONAL | 220.00 | 340 BAR-I | 27509 | Books |